| 000 | 00344nam a2200145Ia 4500 | ||
|---|---|---|---|
| 008 | 150201s2013 xx 000 0 und d | ||
| 082 |
_a614.1 _bM13P |
||
| 100 | _aPILLAY, V.V. | ||
| 245 | _aMODERN MEDICAL TOXICOLOGY | ||
| 250 | _a4TH | ||
| 260 |
_bJAYPEE _aDELHI _c2013 |
||
| 300 | _a1-611 | ||
| 650 | _aFORENSIC MEDICINE | ||
| 942 |
_2ddc _cBK _06 |
||
| 999 |
_c1633 _d1633 |
||